000
00230 a2200097 4500
001
52517
100
_a
Pretty R T
245
_a
Jane's Weapon Systems 1983-1984
260
_a
New York
_b
Jane's Publishers
_c
090
_c
33004
_d
33004
942
_a
NUST-CAE
_c
M
_c
25564
999
_c
287590
_d
287590